1023 1421 1103 1504 1725 1106 1511 1855 1787 1372 1814 1395 1768 1709 1140 1500 1322 1263 1406 1609 1450 1492 1124 1929 1555 1135 1106 1878 1911 1516 1322 1214 1937 1069 1244 1473 1395 1656 1311 1430 1885 1235 1097 1865 1699 1058 1397 1666 1751 1676 1415 1689 1113 1329 1929 1291 1326 1805 1640 1432 1050 1361 1764 1781 1763 1509 1605 1989 1542 1143 1078 1284 1962 1829 1758 1940 1751 1254 1327 1029 1492 1268 1735 1815 1575 1747 1392 1058 1118 1954 1147 1684 1194 1413 1974 1612 1981 1562 1137 BCNSPRNW ULIB Ver.6.0+V

เปลี่ยนเป็นภาษาไทย

Change to English
 แสดงรายละเอียดบรรณานุกรม
  กลับหน้าหลัก

Brief Record : Get Marc (ISO 2709) : E-mail record : QR code < ปิดหน้าต่าง
LEADER : 00000nam 2200000uu 4500
001    13399125833
003     ULIB
008    020711s2018 th a 000 0 eng d
020    ู^a9780323402316
060    ^aWA18^bN-H
100    ^aNelson, Romona.
245    ^aHealth Informatics An Interproessional Approach/^cNelson, Romona.
250    ^a2nd ed
260    ^aLouis,Missouri :^bElsevier,^c2018
300    ^a658 pages;^c30 cm
650    ^aHealth-Informatics^xApproach
945    ^p2558^l0^i003210
999    ^aประนอม เกษจรัล
รายการนี้ยังไม่มีแท็ก
คุณยังไม่ได้ล็อกอิน คุณสามารถมีกิจกรรมร่วมกับเว็บไซต์ได้ แต่ต้องล็อกอินก่อน ::
  ล็อกอิน

รายการสื่อสารสนเทศ

ลำดับที่ ประเภท เลขเรียก/บาร์โค้ด สถานที่ สถานะ
1. วิทยาศาสตร์การแพทย์ และสุขภาพ
หนังสือสำรอง
สถานะ=หนังสือสำรอง
WA18 N-H ฉ.1 
  Barcode: 003210
ห้องสมุดวิทยาเขตสวรรค์ประชารักษ์
►หนังสือทั่วไป
บนชั้น

BibComment


ยังไม่เคยถูกคอมเมนท์

คอมเมนท์ทรัพยากรรายการนี้
  คอมเมนท์: Health Informati..


 Copyright 2026. Bcnsprnw @Library